000 00565cam a22002051 4500
001 sa 68015344
003 DLC
005 20260227112643.0
008 860821s1966 io 000 0 ind
010 _asa 68015344
035 _a(OCoLC)14122309
040 _aDLC
_cCU
_dDLC
042 _apremarc
050 0 0 _aHC447
_b.H248
100 1 _aHady, Hariri.
245 1 0 _aPrioritas sekarang:
_brehabilitasi prasarana.
260 _aDjakarta,
_bLembaga Ekonomi dan Kemasjarakatan Nasional,
_c1966.
300 _a20 l.
_c27 cm.
651 0 _aIndonesia
_xEconomic policy.
999 _c86392
_d86392